Zhodnocení finanční situace Kooperativy poisťovne, a.s. Vienna Insurance Group v období 2003-2007

Zhodnotenie finančnej situácie Kooperativy poisťovne, a.s. bolo realizované prostredníctvom vybraných finančných ukazovateľov - predpísaného poistného, výsledku hospodárenia, analýzy výkazov zisku a strát, rentability a analýzy investičnej činnosti. Poisťovňa Kooperatíva je schopná plniť všetky svoj...

Celý popis

Uložené v:
Podrobná bibliografia
Hlavný autor: Kafková, Eva
Ďalší autori: Lukáč, Miroslav
Médium: Kapitola
Jazyk:Slovak
Predmet:
Tagy: Pridať tag
Žiadne tagy, Buďte prvý, kto otaguje tento záznam!

MARC

LEADER 00000nla$a2200000$$$4500
001 0105076
005 20240513084709.5
041 0 |a slo 
044 |a CZ 
245 1 0 |a Zhodnocení finanční situace Kooperativy poisťovne, a.s. Vienna Insurance Group v období 2003-2007  |c Eva Kafková, Miroslav Lukáč 
520 |a Zhodnotenie finančnej situácie Kooperativy poisťovne, a.s. bolo realizované prostredníctvom vybraných finančných ukazovateľov - predpísaného poistného, výsledku hospodárenia, analýzy výkazov zisku a strát, rentability a analýzy investičnej činnosti. Poisťovňa Kooperatíva je schopná plniť všetky svoje záväzky vyplývajúce z platných poistných zmlúv. 
610 2 0 |a poisťovne 
610 2 0 |a ukazovatele finančné 
610 2 0 |a rentabilita 
610 2 0 |a solventnosť 
610 2 0 |a likvidita 
610 2 0 |a trh poistný 
610 2 0 |a Slovensko 
100 1 |a Kafková, Eva 
700 1 |a Lukáč, Miroslav